000 00725nam a2200265Ia 4500
003 OSt
005 20220926004224.0
006 a|||||r|||| 00| 0
007 ta
008 220923b |||||||| |||| 00| 0 eng d
037 _cGeneral Book
040 _aRTL
_cRTL
_beng
041 _2eng
_aeng
082 _aH, K9
100 _aLeet L Donald
_9308558
245 0 _aPhysical geology
250 _a3
260 _a New Delhi
_bPrentice-Hall of India India
_c1969
300 _a406p.
_ccm.
500 _aGlossary p. 381-96; Appendix p. 357-80
650 _aGeology
_915465
700 _a Judson Saoldon
_9308559
942 _hH, K9
_cGB
_2CC
999 _c610217
_d610217